02752cam a22004694i 4500003000900000005001700009008004100026035001900067040003300086049000900119082002100128100004100149245012100190264007900311300003800390336002100428337002500449338002300474505101000497526001001507526001001517526001001527526001001537526000801547526000801555526000801563526000801571526000801579526000801587526000801595541001601603650002201619700004001641910002201681942001401703949012701717994001401844596000601858999017901864980005502043952018402098PE-LiUPU20250731173355.0150706s1978 ir r 000 0 spa d a(Sirsi) a48998 aPE-LiUPUbspacPE-LiUPUerda aPRUA04a297.204bFDI2211 aMusavi Lari, Sayyid Mujtaba,eautor.14aLos fundamentos de la doctrina islámica :bLibro III /cMujtaba Musavi Lari ; traducido por Hassan Abdul Ali Bize. 1a[Iran] :b[Sayyed Mojtaba Musavi Lari, Foundation of Islamic CPW],c[1978] a238 páginas ;c22 centímetros atext2rdacontent aunmediated2rdamedia avolume2rdacarrier0 aLos dos aspectos de la muerte -- Dos opiniones respecto de los placeres de este mundo -- La resurrección, una manifestación de la sabiduría omniabarcante de Dios -- La resurrección, una manifestación de la Justicia Divina -- La naturaleza esencial del hombre como evidencia de la resurrección -- Indicaciones científicas de la resurrección -- La resurrección prefigurada en este mundo -- La autonomía del espíritu como prueba de la resurrección -- La soberanía del espíritu -- La evidencia de la experiencia -- La evidencia de la experiencia (continuación) -- El ineludible momento final de todas las cosas -- La resurrección del hombre en sus dos dimensiones -- Características del más allá -- La compensación por nuestros pecados -- La situación del hombre en el plano intermedio -- El criterio por el cual son juzgadas nuestras acciones -- El testimonio de los testigos más veraces -- Las acciones adquirirán una forma -- La naturaleza eterna del castigo. aSEG42 aSEG41 aSEG40 aSEG39 aP94 aP87 aP86 aP85 aP77 aP76 aP35 g001-002141;04aIslamxDoctrinas.1 aAbdul Ali Bize, Hassan,etraductor. aglbjckd20101026 2ddccBOOK a297.204 FDI 3wDEWEYc1i62219lCCODEBUL1mBULp14.00r0sYtLIBROu2015-07-06xTEOLOGIAPP35o.STAFF. Colección General aC0bPEPRU a1 a297.204 FDI 3wDEWEYc51296i62219d51296e2015-11-30f2021-11-11g6lCCODEBUL1mBULn1p14.00q2r0sYtBOOKu2015-7-6xTEOLOGIAPP350COMPRAo.STAFF. Colección Teología 81gALBERTO SANCHEZ Responsable de Automatización r2025-12-02 00:00:00i7l2o297.204 FDI 3p62219s2024-09-08te1v19.00w2015-07-06xFTyBKzinventario-2023-12-13102ddc50708GENfP35aBULbBULcGENd2015-07-06eCOMPRAg14.00